00988nam a2200241 i 4500001000700000003000900007005001700016007000300033008004100036080002100077100005100098245008900149260004200238300002900280490002900309594011000338700005000448700004500498830003400543852002500577999001900602952012500621115207ES-MaACL20250918175735.0t|070226s1908 sp ||||1| spa d a821.134.2-32"19"1 aMartínez Sierra, Gregorio,d1881-194797842910aTorre de marfil : bnovela / cde G. Martínez Sierra ; ilustraciones de A. Lozano. aMadrid : bEl Cuento Semanal, c1908. a20 p. : bil. ; c26 cm.1 aEl cuento semanal ; v73 aObra en colaboración entre Gregorio Martínez Sierra y María Lejárraga (María Martínez Sierra)1 aMartínez Sierra, María,d1874-19749784301 aLozano Sidro, Adolfo, d1872-193597446913aEl cuento semanalv7391859574 aES-MaACLjG-4441(21) c115207d115207 00104070aATENEOMbATENEOMcDEPO2d2008-01-17eSCl0oG-4441(21)p1120128r2023-02-23 00:00:00w2023-02-23yMONOGRAFIA